000
00320nam a22001337a 4500
020
_a
0-412-09700-1
082
_a
629.254 JUD'M
100
_a
JUDGE, ARTHUR W
_9
41819
245
_a
MODERN ELECTRICAL EQUIPMENT FOR AUTMOBILES
250
_a
2ND
260
_a
LONDON
_b
CHAPMAN & HALL
_c
1975
300
_a
416P
942
_c
BK
999
_c
582687
_d
582687